| 000 | 00833nas a2200253 4500 | ||
|---|---|---|---|
| 001 | BR0806944 | ||
| 003 | BR-BrBNA | ||
| 005 | 20231205112509.0 | ||
| 007 | ta | ||
| 008 | 230509b bl.|||p| |||| 00| 00por d | ||
| 040 |
_aBR-BrBNA _bpor _cBiblioteca Nacional de Agricultura |
||
| 041 | _a(Pt) | ||
| 072 | _aE20 | ||
| 100 | 1 | _aAlmeida, W.S. de | |
| 245 | 1 | _aMassificação das operações do seguro rural: o grande desafio brasileiro | |
| 650 | _aSEGURO RURAL | ||
| 650 | _aDESENVOLVIMENTO RURAL | ||
| 650 | _aHISTÓRIA | ||
| 650 | _aANÁLISE QUALITATIVA | ||
| 773 | 0 |
_tRevista de Política Agrícola (Brazil) _xISSN 1413-4969 _g(Oct-Nov-Dec 2007), v. 16(4) p. 21-26 _wBR0806944 |
|
| 856 | 4 |
_uRev_Pol_Agr_v16_n1-2007.pdf#page=22 _yRecurso eletrônico (PDF) |
|
| 909 |
_a202311 _bLúcia _c55 _dLúcia Elande |
||
| 942 |
_2AGRIS _n0 _cANA |
||
| 999 |
_c198372 _d198372 |
||